Statistics for Top 10 Sporting Leagues by Average Attendance

Click here to take the quiz!

General Stats

  • This quiz has been taken 36 times
  • The average score is 6 of 10

Answer Stats

Average AttendanceCountryLeague% Correct
67,405United StatesNational Football League
97%
38,297EnglandPremier League
88%
44,646GermanyBundesliga
85%
26,939SpainLa Liga
79%
29,909United StatesMajor League Baseball
68%
24,767ItalySerie A
59%
35,207AustraliaAustralian Football League
50%
26,542IndiaIndian Premier League
24%
29,300JapanNippon Professional Baseball
21%
26,528AustraliaBig Bash League
21%

Score Distribution

Percentile by Number Answered

Percent of People with Each Score

Your Score History

You have not taken this quiz